| 000 | 00777nam a2200277 a 4500 | ||
|---|---|---|---|
| 001 | 35358 | ||
| 003 | AR-BaAGN | ||
| 005 | 20231222161102.0 | ||
| 007 | ta | ||
| 008 | 220625s1979 ag |||||r|||| ||||||spa d | ||
| 040 |
_dAR-BaAGN _aAR-BaAGN _bspa _eaacr |
||
| 110 | 1 | _aArgentina | |
| 240 | 1 | 0 | _aCódigos |
| 245 | 1 | 0 |
_aCódigo penal de la República Argentina : _bcomentarios, jurisprudencia, doctrina, legislación complementaria |
| 250 | _a1ª ed. | ||
| 260 |
_aBuenos Aires : _bUniversidad de Buenos Aires, _c1979. |
||
| 300 | _a721 páginas | ||
| 336 |
_2rdacontent _btxt |
||
| 337 |
_2rdamedia _bn |
||
| 338 |
_2rdacarrier _bnc |
||
| 650 | 4 |
_aDERECHO PENAL _91497 |
|
| 650 | 4 |
_aLEGISLACIÓN _91533 |
|
| 651 | 4 |
_aArgentina _93645 |
|
| 942 | _cLIBRO | ||
| 999 |
_c35358 _d35358 |
||